Very Hard Flags - Statistics

General Stats
  • This quiz has been taken 232 times
  • The average score is 24 of 30
Answer Stats
Picture Answer % Correct
Cameroon
89%
Ethiopia
89%
Mozambique
88%
Paraguay
88%
Senegal
88%
El Salvador
85%
Mali
85%
Burundi
84%
Eritrea
84%
Libya
84%
Burkina Faso
83%
Malawi
83%
Belize
82%
Cape Verde
82%
Central African Republic
82%
Sierra Leone
82%
Togo
82%
Benin
80%
Comoros
80%
Djibouti
80%
Rwanda
80%
Equatorial Guinea
78%
Gabon
78%
Gambia
78%
Namibia
76%
Rep. of the Congo
76%
São Tomé and Príncipe
76%
Guinea
74%
Bolivia
71%
Guinea-Bissau
70%
No matching quizzes found
Score Distribution
Percent of People with Each Score
Percentile by Number Answered
Your Score History
You have not taken this quiz